A strategic marketing plan : Korea oil market /
Saved in:
| Main Author: | |
|---|---|
| Format: | Thesis Book |
| Language: | English |
| Published: |
1993.
|
| Subjects: | |
| Tags: |
Add Tag
No Tags, Be the first to tag this record!
|
| LEADER | 00812cam a2200241 a 4500 | ||
|---|---|---|---|
| 001 | u357164 | ||
| 003 | SIRSI | ||
| 008 | 940811s1993 si v 00 1 eng m | ||
| 035 | |a ABT-5393 | ||
| 040 | |a UMM | ||
| 043 | |a a-ko--- | ||
| 090 | |a HD9576 |b K6Yip | ||
| 100 | 1 | 0 | |a Yip, Wai Yu. |
| 245 | 1 | 2 | |a A strategic marketing plan : |b Korea oil market / |c by Yip Wai Yu. |
| 260 | |c 1993. | ||
| 300 | |a 51, [13] leaves : |b ill. ; |c 30 cm. | ||
| 502 | |a Dissertation (M.B.A.) -- National University of Singapore, 1993. | ||
| 504 | |a Includes bibliographical references. | ||
| 650 | 0 | |a Petroleum industry and trade |z South Korea. | |
| 650 | 0 | |a Petroleum products |z South Korea |x Marketing. | |
| 948 | |a 11/08/1994 |b 19/08/2002 | ||
| 596 | |a 1 | ||
| 999 | |a HD9576 K6YIP |w LC |c 1 |i A504770887 |d 3/4/2002 |l STACKS |m P01UTAMA |n 12 |r Y |s Y |t TESIS |u 27/1/1995 | ||
